000
00261nam a22001097a 4500
999
_c
15748
_d
15748
003
OSt
008
190926b ||||| |||| 00| 0 eng d
100
_a
Das,P.N.
_9
4286
245
_a
Budhan kathiyeriyunnu
260
_a
Thrissur
_b
Current books
_c
2000
942
_c
BK